Rahmat di sebalik dugaan

Bibliographic Details
Main Author: Kasmuri Selamat M A
Format: Book
Published: Kuala Lumpur : Darul Nu'man , 1998
Subjects:

MARC

LEADER 00000cam a2200000 7i4500
001 0000013872
005 20080205.0
008 080205
020 |a 9830461858 
090 0 0 |a 297.57   |b KAS 
100 0 |a Kasmuri Selamat M A 
245 1 0 |a Rahmat di sebalik dugaan   |c Kasmuri Selamat M A 
260 |a Kuala Lumpur :   |b Darul Nu'man ,   |c 1998 
650 0 |a Islamic etchics 
650 0 |a Islam   |x Customs & practices 
650 0 |a Religious life   |x Islam 
999 |a 0001007455   |b Book   |c Adult Collection   |e Perbadanan Perpustakaan Awam Johor 
999 |a 0001007456   |b Book   |c Adult Collection   |e Perbadanan Perpustakaan Awam Johor 
999 |a 0001007457   |b Book   |c Adult Collection   |e Perbadanan Perpustakaan Awam Johor 
999 |a 0001008278   |b Book   |c Adult Collection   |e Perbadanan Perpustakaan Awam Johor 
999 |a 0001008280   |b Book   |c Adult Collection   |e Perbadanan Perpustakaan Awam Johor